[Event "HUN-chT2 Toth 1718"]
[Site "Hungary"]
[Date "2018.03.04"]
[Round "9.5"]
[White "Banki H, Istvan"]
[Black "Szekeres, Sebestyen"]
[Result "1-0"]
[WhiteElo "2107"]
[BlackElo "1978"]
[PlyCount "183"]
[EventDate "2017.09.24"]
[EventType "team-tourn"]
[EventRounds "11"]
[EventCountry "HUN"]
[SourceTitle "EXT 2021"]
[Source "ChessBase"]
[SourceDate "2020.10.23"]
[SourceVersion "1"]
[SourceVersionDate "2020.10.23"]
[SourceQuality "1"]
[WhiteTeam "Oroshaza"]
[BlackTeam "Felegyhaza Csongrad"]
[WhiteTeamCountry "HUN"]
[BlackTeamCountry "HUN"]

1. e4 g6 2. d4 Bg7 3. Nf3 d6 4. Bc4 e6 5. 0-0 Ne7 6. Bg5 0-0 7. Nc3 b6 8. Qd2 Bb7 9. Rfe1 Qd7 10. Rad1 a6 11. Bh6 Re8 12. Bxg7 Kxg7 13. Re3 Ng8 14. Rde1 Qe7 15. Ne2 Nd7 16. Nf4 Nf8 17. h4 h6 18. e5 Bxf3 19. Rxf3 Qxh4 20. Rh3 Qe7 21. Ree3 Nh7 22. d5 Ng5 23. Rhg3 dxe5 24. Rxe5 Qf6 25. Qe3 b5 26. Bd3 Kf8 27. dxe6 Ne7 28. Kh2 fxe6 29. Nxe6+ Nxe6 30. Rxe6 Qh4+ 31. Rh3 Qg5 32. Rxh6 Qxe3 33. Rxe3 Kg7 34. Rhh3 Nd5 35. Re4 c5 36. Rg4 Re6 37. Be4 Rd8 38. Rd3 Rh8+ 39. Kg3 Ne7 40. Rd7 Kf6 41. Bd5 Nxd5 42. Rxd5 c4 43. Rf4+ Ke7 44. Rfd4 Rc8 45. Rd7+ Kf6 46. Kf3 Rc5 47. R7d5 Rc8 48. Rf4+ Ke7 49. Rdd4 Rc5 50. Rde4 Rd5 51. Rd4 Rde5 52. Rfe4 Rf5+ 53. Ke3 Rg5 54. g3 Rh5 55. Rxe6+ Kxe6 56. Rh4 Rd5 57. Re4+ Kf7 58. Rd4 Re5+ 59. Kd2 Re6 60. a4 Ke7 61. axb5 axb5 62. Kc3 Re2 63. Rf4 b4+ 64. Kxc4 Rxc2+ 65. Kb3 Rd2 66. f3 Rf2 67. g4 Kd6 68. g5 Ke5 69. Rf6 Kd4 70. Rxg6 Rxf3+ 71. Kxb4 Rf8 72. Rd6+ Ke5 73. Rb6 Rf4+ 74. Kc5 Rf1 75. g6 Rc1+ 76. Kb5 Rg1 77. b4 Kd5 78. Ka6 Ra1+ 79. Kb7 Rg1 80. Kc7 Rc1+ 81. Kd7 Ke5 82. Ke8 Rc7 83. Kf8 Kf5 84. Kg8 Kg5 85. b5 Rc8+ 86. Kh7 Rc1 87. g7 Rh1+ 88. Kg8 Rf1 89. Rc6 Rf2 90. b6 Rf1 91. b7 Rb1 92. Kf8 1-0

[Event "HUN-chT2 Toth 1718"]
[Site "Hungary"]
[Date "2017.11.26"]
[Round "4.6"]
[White "Sonkoly, Laszlo"]
[Black "Szekeres, Sebestyen"]
[Result "1/2-1/2"]
[WhiteElo "2004"]
[BlackElo "1978"]
[PlyCount "26"]
[EventDate "2017.09.24"]
[EventType "team-tourn"]
[EventRounds "11"]
[EventCountry "HUN"]
[SourceTitle "EXT 2021"]
[Source "ChessBase"]
[SourceDate "2020.10.23"]
[SourceVersion "1"]
[SourceVersionDate "2020.10.23"]
[SourceQuality "1"]
[WhiteTeam "Szeged Meritum"]
[BlackTeam "Felegyhaza Csongrad"]
[WhiteTeamCountry "HUN"]
[BlackTeamCountry "HUN"]

1. e4 e5 2. Nf3 d6 3. d4 exd4 4. Nxd4 Be7 5. Bc4 Nf6 6. Nc3 0-0 7. 0-0 Nbd7 8. Nf5 Ne5 9. Nxe7+ Qxe7 10. Be2 h6 11. h3 Bd7 12. f4 Ng6 13. Bd3 Bc6 1/2-1/2

[Event "HUN-chT2 Toth 1718"]
[Site "Hungary"]
[Date "2017.10.08"]
[Round "2.6"]
[White "Csikos, Mihaly"]
[Black "Szekeres, Sebestyen"]
[Result "1/2-1/2"]
[WhiteElo "2060"]
[BlackElo "1978"]
[PlyCount "108"]
[EventDate "2017.09.24"]
[EventType "team-tourn"]
[EventRounds "11"]
[EventCountry "HUN"]
[SourceTitle "EXT 2021"]
[Source "ChessBase"]
[SourceDate "2020.10.23"]
[SourceVersion "1"]
[SourceVersionDate "2020.10.23"]
[SourceQuality "1"]
[WhiteTeam "Mako Duocor II"]
[BlackTeam "Felegyhaza Csongrad"]
[WhiteTeamCountry "HUN"]
[BlackTeamCountry "HUN"]

1. c4 c5 2. Nc3 e5 3. g3 Nc6 4. Bg2 d6 5. Nf3 Nf6 6. d3 Be7 7. 0-0 0-0 8. a3 Rb8 9. b3 a6 10. Bb2 Bd7 11. e3 Qc8 12. Nd5 Bg4 13. Qc2 Bd8 14. Nd2 Nxd5 15. cxd5 Ne7 16. f4 exf4 17. Rxf4 Ng6 18. Rf2 Bg5 19. Re1 Qd7 20. Qc3 f6 21. Ne4 Bh6 22. d4 b6 23. b4 cxb4 24. Qxb4 Rfd8 25. Rxf6 a5 26. Qd2 Qe7 27. Rff1 Qd7 28. Nc3 b5 29. Ne2 b4 30. axb4 axb4 31. Nf4 Nxf4 32. gxf4 g6 33. e4 Rdc8 34. Rc1 Rxc1 35. Rxc1 Qf7 36. Rf1 Qa7 37. h3 Bd7 38. Ra1 Qb6 39. Qf2 Rf8 40. Bc1 b3 41. Rb1 Ba4 42. Be3 Qb5 43. Bf1 Qe8 44. Bd3 Qd7 45. Kh2 Kh8 46. Bc4 Qb7 47. e5 Qb4 48. Bd3 dxe5 49. dxe5 Bxf4+ 50. Bxf4 Rxf4 51. Qg3 Qd2+ 52. Kg1 Rd4 53. Qf3 Rf4 54. Qg3 Rd4 1/2-1/2

[Event "HUN-chT2 Toth 1718"]
[Site "Hungary"]
[Date "2017.09.24"]
[Round "1.4"]
[White "Szekeres, Sebestyen"]
[Black "Magold, Victor"]
[Result "1-0"]
[WhiteElo "1978"]
[BlackElo "1972"]
[PlyCount "161"]
[EventDate "2017.09.24"]
[EventType "team-tourn"]
[EventRounds "11"]
[EventCountry "HUN"]
[SourceTitle "EXT 2021"]
[Source "ChessBase"]
[SourceDate "2020.10.23"]
[SourceVersion "1"]
[SourceVersionDate "2020.10.23"]
[SourceQuality "1"]
[WhiteTeam "Felegyhaza Csongrad"]
[BlackTeam "Gyula"]
[WhiteTeamCountry "HUN"]
[BlackTeamCountry "HUN"]

1. d4 Nf6 2. Nf3 g6 3. c4 Bg7 4. Nc3 0-0 5. e4 d6 6. h3 c5 7. d5 Re8 8. Be2 Qc7 9. 0-0 Nbd7 10. Bf4 Nh5 11. Bh2 Bxc3 12. bxc3 Qa5 13. Qc2 Nb6 14. Nd2 Ng7 15. f4 Qa4 16. Qb3 Bd7 17. Bd3 f5 18. Rfe1 e6 19. Rab1 Rab8 20. Rbc1 Rbd8 21. Kf2 Kf7 22. Rb1 Rb8 23. Re3 exd5 24. cxd5 Qxb3 25. axb3 fxe4 26. Bxe4 Nf5 27. Ree1 Rbd8 28. g4 Ne7 29. c4 Ng8 30. Bg3 Nc8 31. Bh4 Nce7 32. b4 cxb4 33. Rxb4 b6 34. Ra1 Ra8 35. Bd3 Reb8 36. Ne4 Nc8 37. Ng5+ Kg7 38. Ne6+ Bxe6 39. dxe6 a5 40. Rb5 Ra7 41. f5 Rbb7 42. Ra4 Rc7 43. Rd5 Rc5 44. Rd4 Rac7 45. Rf4 gxf5 46. gxf5 Re5 47. f6+ Kf8 48. e7+ Kf7 49. Bxh7 Nh6 50. Be4 Rcc5 51. Bd5+ Rexd5 52. cxd5 Rxd5 53. Rae4 Re5 54. Rxe5 dxe5 55. Re4 Nd6 56. Rxe5 a4 57. e8Q+ Nxe8 58. Re7+ Kf8 59. Rb7 a3 60. Rxb6 Nf5 61. Bg5 Nd4 62. Ra6 Nb5 63. Kg3 Kf7 64. Ra5 Ned6 65. Kf4 Ke6 66. h4 Nc4 67. Ra6+ Kf7 68. Kf5 Nbd6+ 69. Kg4 Ne5+ 70. Kh5 Ndc4 71. Bc1 Nd7 72. Kg5 Nc5 73. Ra7+ Kg8 74. Bxa3 Ne6+ 75. Kg6 Nf4+ 76. Kf5 Nxa3 77. Rxa3 Nd5 78. Ra7 Kf8 79. h5 Kg8 80. h6 Kh8 81. f7 1-0

[Event "HUN-chT2 Toth 1617"]
[Site "Hungary"]
[Date "2017.01.29"]
[Round "7.6"]
[White "Farkas, Sandor1111"]
[Black "Szekeres, Sebestyen"]
[Result "1/2-1/2"]
[WhiteElo "1849"]
[BlackElo "2002"]
[PlyCount "78"]
[EventDate "2016.09.25"]
[EventType "team-tourn"]
[EventRounds "11"]
[EventCountry "HUN"]
[SourceTitle "EXT 2021"]
[Source "ChessBase"]
[SourceDate "2020.10.23"]
[SourceVersion "1"]
[SourceVersionDate "2020.10.23"]
[SourceQuality "1"]
[WhiteTeam "Szeged Meritum"]
[BlackTeam "Felegyhaza Csongrad"]
[WhiteTeamCountry "HUN"]
[BlackTeamCountry "HUN"]

1. Nf3 d5 2. b4 Nf6 3. Bb2 e6 4. b5 Be7 5. e3 0-0 6. c4 c6 7. a4 a6 8. Be2 c5 9. 0-0 b6 10. Qc2 a5 11. d3 Bb7 12. Nbd2 Nbd7 13. Ne5 Nxe5 14. Bxe5 Nd7 15. Bb2 Bd6 16. Nf3 Rc8 17. Rac1 Qe7 18. Qb1 e5 19. cxd5 Bxd5 20. Nd2 Qg5 21. Bf3 Bxf3 22. Nxf3 Qh5 23. h3 Rfe8 24. Qa2 Re6 25. Rc4 Rg6 26. Kh1 Re8 27. Rh4 Qf5 28. Qd5 Qe6 29. Qxe6 Rexe6 30. Rc4 Be7 31. g4 h5 32. Rg1 hxg4 33. hxg4 Rh6+ 34. Kg2 f6 35. Rh1 Rxh1 36. Kxh1 Rd6 37. Rc3 Kf7 38. Nd2 g6 39. Ne4 Rd5 1/2-1/2

[Event "HUN-chT2 Toth 1617"]
[Site "Hungary"]
[Date "2016.11.13"]
[Round "4.3"]
[White "Szekeres, Sebestyen"]
[Black "Dostan, Janos"]
[Result "0-1"]
[WhiteElo "2002"]
[BlackElo "2092"]
[PlyCount "75"]
[EventDate "2016.09.25"]
[EventType "team-tourn"]
[EventRounds "11"]
[EventCountry "HUN"]
[SourceTitle "EXT 2021"]
[Source "ChessBase"]
[SourceDate "2020.10.23"]
[SourceVersion "1"]
[SourceVersionDate "2020.10.23"]
[SourceQuality "1"]
[WhiteTeam "Felegyhaza Csongrad"]
[BlackTeam "Karcag"]
[WhiteTeamCountry "HUN"]
[BlackTeamCountry "HUN"]

1. d4 Nf6 2. c4 g6 3. Nf3 Bg7 4. Nc3 0-0 5. e3 d6 6. Be2 Nbd7 7. 0-0 c6 8. e4 e5 9. dxe5 dxe5 10. Qc2 a5 11. Rd1 Qc7 12. Bg5 Nc5 13. Be3 Ne6 14. Na4 Nd7 15. c5 Re8 16. Rac1 Nf4 17. Bf1 Nf6 18. Nb6 Rb8 19. Nd2 Ng4 20. Ndc4 Be6 21. b3 Qe7 22. Be2 Qh4 23. Bxg4 Bxg4 24. f3 Be6 25. Bxf4 exf4 26. Nxa5 f5 27. exf5 Bxf5 28. Qf2 Qg5 29. Nac4 h5 30. Nd6 Re7 31. Re1 Rd8 32. Nbc4 Bd3 33. Kh1 Rdd7 34. h3 Qd5 35. Nb6 Rxe1+ 36. Qxe1 Rxd6 37. Nxd5 Rxd5 38. Qb4 0-1

[Event "HUN-chT2 Toth 1617"]
[Site "Hungary"]
[Date "2016.10.09"]
[Round "2.5"]
[White "Szekeres, Sebestyen"]
[Black "Szijarto, Csaba"]
[Result "1/2-1/2"]
[WhiteElo "2002"]
[BlackElo "2099"]
[PlyCount "23"]
[EventDate "2016.09.25"]
[EventType "team-tourn"]
[EventRounds "11"]
[EventCountry "HUN"]
[SourceTitle "EXT 2021"]
[Source "ChessBase"]
[SourceDate "2020.10.23"]
[SourceVersion "1"]
[SourceVersionDate "2020.10.23"]
[SourceQuality "1"]
[WhiteTeam "Felegyhaza Csongrad"]
[BlackTeam "Ujszasz"]
[WhiteTeamCountry "HUN"]
[BlackTeamCountry "HUN"]

1. d4 c5 2. d5 e5 3. c4 f5 4. Nc3 d6 5. e3 Nf6 6. Bd2 Be7 7. Qc2 0-0 8. Nge2 Na6 9. a3 Nc7 10. Ng3 Ng4 11. Be2 Nh6 12. f4 1/2-1/2

[Event "HUN-chT2 Toth 1617"]
[Site "Hungary"]
[Date "2016.09.25"]
[Round "1.3"]
[White "Salanki, Endre"]
[Black "Szekeres, Sebestyen"]
[Result "1-0"]
[WhiteElo "2149"]
[BlackElo "2002"]
[PlyCount "67"]
[EventDate "2016.09.25"]
[EventType "team-tourn"]
[EventRounds "11"]
[EventCountry "HUN"]
[SourceTitle "EXT 2021"]
[Source "ChessBase"]
[SourceDate "2020.10.23"]
[SourceVersion "1"]
[SourceVersionDate "2020.10.23"]
[SourceQuality "1"]
[WhiteTeam "Kecskemet Takisz"]
[BlackTeam "Felegyhaza Csongrad"]
[WhiteTeamCountry "HUN"]
[BlackTeamCountry "HUN"]

1. c4 e5 2. Nc3 c5 3. g3 Nc6 4. Bg2 Nf6 5. d3 Be7 6. e3 0-0 7. Nge2 d6 8. 0-0 Be6 9. Nd5 Bxd5 10. cxd5 Nb8 11. b3 Nbd7 12. Bb2 Nb6 13. e4 Ne8 14. f4 f6 15. Bh3 Nc7 16. Rc1 Nd7 17. Rf3 b6 18. Qf1 a5 19. Bg4 Re8 20. Nc3 Nf8 21. a4 Rb8 22. Ba1 Rb7 23. Nd1 g6 24. Ne3 Qb8 25. Nc4 Rd8 26. fxe5 fxe5 27. Rf7 Na8 28. Qf3 Bg5 29. Rf1 Bh6 30. Be6 Nxe6 31. dxe6 Bg7 32. e7 Re8 33. Rxg7+ Kxg7 34. Qf6+ 1-0

[Event "HUN-chT2 Toth 1516"]
[Site "Hungary"]
[Date "2015.11.08"]
[Round "4.3"]
[White "Vilagos, Nandor"]
[Black "Szekeres, Sebestyen"]
[Result "1-0"]
[WhiteElo "2132"]
[BlackElo "2020"]
[PlyCount "105"]
[EventDate "2015.09.13"]
[EventType "team-tourn"]
[EventRounds "11"]
[EventCountry "HUN"]
[SourceTitle "CBM 170 Extra"]
[Source "ChessBase"]
[SourceDate "2016.02.25"]
[SourceVersion "1"]
[SourceVersionDate "2016.02.25"]
[SourceQuality "1"]
[WhiteTeam "Szentes Integral"]
[BlackTeam "Felegyhaza Csongrad"]
[WhiteTeamCountry "HUN"]
[BlackTeamCountry "HUN"]

1. e4 e5 2. Nf3 d6 3. d4 exd4 4. Nxd4 Nf6 5. Nc3 Be7 6. Bd3 Bd7 7. 0-0 Nc6 8. Nf5 Bxf5 9. exf5 Qd7 10. Ne4 Ne5 11. Nxf6+ Bxf6 12. Be4 0-0-0 13. c3 h5 14. Qb3 c6 15. Be3 b6 16. h3 d5 17. Bc2 Nc4 18. Bf4 Be5 19. Bxe5 Nxe5 20. a4 Nc4 21. Qa2 Rhe8 22. Bd3 Nd6 23. b4 Nb7 24. Rfd1 Qc7 25. c4 d4 26. c5 Re5 27. cxb6 axb6 28. Rdc1 Rd6 29. Rc2 Kd8 30. Rac1 Ke7 31. Re2 Rh6 32. Rce1 Rxe2 33. Qxe2+ Kf6 34. h4 g5 35. fxg6 Nd8 36. gxf7 Nxf7 37. Qe8 Kg7 38. Qe4 c5 39. Rc1 Qd6 40. bxc5 bxc5 41. a5 Ne5 42. Rb1 Nxd3 43. Qb7+ Kg8 44. Qa8+ Qf8 45. Rb8 Rf6 46. Rxf8+ Rxf8 47. Qd5+ Rf7 48. a6 Kg7 49. Qxf7+ Kxf7 50. a7 Ke6 51. a8Q Ke5 52. f3 Nb2 53. Qb8+ 1-0

[Event "HUN-chT2 Toth 1516"]
[Site "Hungary"]
[Date "2015.10.18"]
[Round "3.3"]
[White "Szekeres, Sebestyen"]
[Black "Farkas, Sandor"]
[Result "1/2-1/2"]
[WhiteElo "2020"]
[BlackElo "1862"]
[PlyCount "148"]
[EventDate "2015.09.13"]
[EventType "team-tourn"]
[EventRounds "11"]
[EventCountry "HUN"]
[SourceTitle "CBM 170 Extra"]
[Source "ChessBase"]
[SourceDate "2016.02.25"]
[SourceVersion "1"]
[SourceVersionDate "2016.02.25"]
[SourceQuality "1"]
[WhiteTeam "Felegyhaza Csongrad"]
[BlackTeam "Roszke"]
[WhiteTeamCountry "HUN"]
[BlackTeamCountry "HUN"]

1. d4 Nf6 2. Nf3 e6 3. c4 b6 4. Nc3 Bb4 5. Bd2 Bb7 6. e3 c5 7. a3 Bxc3 8. Bxc3 Ne4 9. Rc1 0-0 10. d5 Nxc3 11. Rxc3 exd5 12. cxd5 d6 13. Be2 Nd7 14. 0-0 Nf6 15. Bc4 Qd7 16. a4 Qf5 17. Rd3 Rfe8 18. Qb3 Rab8 19. Nd2 Qh5 20. f3 Qh4 21. Rf2 Re5 22. Nf1 Bc8 23. Ng3 a6 24. e4 Qh6 25. Rd1 Qf4 26. Qd3 a5 27. Bb5 h5 28. Qd2 Qh4 29. Qd3 Qf4 30. Qd2 Qh4 31. Nf1 Re7 32. g3 Qh3 33. Qf4 Re5 34. Ne3 h4 35. g4 Nh7 36. Bf1 g5 37. Bxh3 gxf4 38. Nc4 f6 39. Nxd6 Bd7 40. b3 Ng5 41. Bf1 Re7 42. h3 Rd8 43. Nc4 Rb8 44. Kg2 Nf7 45. Na3 Nd6 46. Bb5 Bxb5 47. Nxb5 Nxb5 48. axb5 Rd8 49. Rc2 Red7 50. Kf2 Kf7 51. Rg1 Rg8 52. Ke2 Rg5 53. Ra1 Re5 54. Kd3 Re8 55. Rg2 Rg8 56. Re1 Rg5 57. Kc4 Ke7 58. Ra2 Kd6 59. Rc1 Rg8 60. Kd3 Rb7 61. b4 axb4 62. Kc4 Rc8 63. Ra6 Kc7 64. Rg1 Rg8 65. Re1 Kd6 66. Rea1 Rgb8 67. Re1 Re8 68. Ra2 Rg7 69. Ra6 Rb7 70. Rea1 Reb8 71. Rg1 Rg8 72. Ra2 Re7 73. Ra6 Rb7 74. Ra2 Re7 1/2-1/2

[Event "HUN-chT2 Toth 1415"]
[Site "Hungary"]
[Date "2015.03.22"]
[Round "10.6"]
[White "Szekeres, Sebestyen"]
[Black "Farkas, Sandor I"]
[Result "1/2-1/2"]
[WhiteElo "2027"]
[BlackElo "1788"]
[PlyCount "116"]
[EventDate "2014.09.07"]
[EventType "team-tourn"]
[EventRounds "11"]
[EventCountry "HUN"]
[SourceTitle "EXT 2016"]
[Source "ChessBase"]
[SourceDate "2015.10.08"]
[SourceVersion "1"]
[SourceVersionDate "2015.10.08"]
[SourceQuality "1"]
[WhiteTeam "Felegyhaza Csongrad"]
[BlackTeam "Roszke"]
[WhiteTeamCountry "HUN"]
[BlackTeamCountry "HUN"]

1. e4 c5 2. Nf3 a6 3. c3 e6 4. d4 d5 5. e5 Nc6 6. a3 cxd4 7. cxd4 f6 8. exf6 Nxf6 9. Bd3 Bd6 10. 0-0 0-0 11. Re1 Qc7 12. h3 Bd7 13. Nc3 Rae8 14. Bg5 Bf4 15. Bxf4 Qxf4 16. Ne2 Qd6 17. Ng3 e5 18. dxe5 Nxe5 19. Nxe5 Rxe5 20. Qb3 Rfe8 21. Rxe5 Qxe5 22. Rd1 Bc6 23. Qc2 Rc8 24. Qd2 Re8 25. Rc1 Qd6 26. b4 b5 27. Nf5 Qd7 28. Nd4 Bb7 29. Qf4 Rc8 30. Bf5 Rxc1+ 31. Qxc1 Qd6 32. Qc5 Ne4 33. Bxe4 Qxc5 34. bxc5 dxe4 35. Ne6 g6 36. Kf1 Bc8 37. Ng5 Bb7 38. g3 Kg7 39. Ke2 h6 40. Ne6+ Kf6 41. Nc7 Ke7 42. c6 Bc8 43. Ke3 Kd6 44. Ne8+ Ke7 45. Nc7 Kd6 46. Ne8+ Kxc6 47. Kxe4 Bxh3 48. Kd4 h5 49. Nf6 Be6 50. Ne4 a5 51. Nc5 Bf7 52. Nd3 Be8 53. f4 Kd6 54. Ne5 Ke6 55. Ke4 b4 56. axb4 axb4 57. Nd3 Bc6+ 58. Ke3 Kf5 1/2-1/2

[Event "HUN-chT2 Toth 1415"]
[Site "Hungary"]
[Date "2014.09.21"]
[Round "2.4"]
[White "Szekeres, Sebestyen"]
[Black "Lovas, Daniel"]
[Result "0-1"]
[WhiteElo "2027"]
[BlackElo "2128"]
[PlyCount "130"]
[EventDate "2014.09.07"]
[EventType "team-tourn"]
[EventRounds "11"]
[EventCountry "HUN"]
[SourceTitle "EXT 2016"]
[Source "ChessBase"]
[SourceDate "2015.10.08"]
[SourceVersion "1"]
[SourceVersionDate "2015.10.08"]
[SourceQuality "1"]
[WhiteTeam "Felegyhaza Csongrad"]
[BlackTeam "Toth Laszlo"]
[WhiteTeamCountry "HUN"]
[BlackTeamCountry "HUN"]

1. d4 Nf6 2. c4 g6 3. Nc3 d5 4. Bg5 c6 5. Bxf6 exf6 6. cxd5 cxd5 7. e3 Bg7 8. Qb3 0-0 9. Qxd5 Qb6 10. Qb5 Qe6 11. Nf3 f5 12. Bc4 Qd6 13. 0-0 Nc6 14. Rad1 a6 15. Qb6 Qd8 16. Qxd8 Nxd8 17. Na4 b5 18. Nb6 Rb8 19. Nxc8 Rxc8 20. Bb3 Nb7 21. Bd5 Nd6 22. Rc1 Bf6 23. g3 Kg7 24. h4 h6 25. b3 b4 26. Nd2 f4 27. gxf4 Bxh4 28. Ne4 Nb5 29. Nc5 a5 30. Rc2 Be7 31. Rfc1 Nc3 32. Nd3 Rc7 33. Bc4 Bd6 34. a4 f5 35. Kg2 g5 36. Kf3 g4+ 37. Kg2 h5 38. Nb2 h4 39. Bd3 Be7 40. Nc4 Ra7 41. Ne5 Bd6 42. Nc4 Be7 43. Nd2 Bd6 44. Nb1 Nd5 45. Rc6 Bxf4 46. exf4 Nxf4+ 47. Kg1 Nxd3 48. Rd1 Nf4 49. d5 Rd8 50. d6 Rad7 51. Kh2 Kf6 52. Nd2 Nd3 53. Nc4 Nxf2 54. Rd5 g3+ 55. Kg2 Rg8 56. Ne3 h3+ 57. Kf3 h2 58. Rc1 Rg5 59. Kg2 h1Q+ 60. Rxh1 Nxh1 61. Kxh1 f4 62. Rxg5 Kxg5 63. Nc4 Kf5 64. Kg2 Ke6 65. Kf3 Rxd6 0-1

[Event "HUN-chT2 Toth 1314"]
[Site "Hungary"]
[Date "2014.03.02"]
[Round "8.3"]
[White "Molnar, Gabor1111"]
[Black "Szekeres, Sebestyen"]
[Result "1-0"]
[WhiteElo "1903"]
[BlackElo "2055"]
[PlyCount "67"]
[EventDate "2013.09.08"]
[EventType "team-tourn"]
[EventRounds "11"]
[EventCountry "HUN"]
[SourceTitle "EXT 2016"]
[Source "ChessBase"]
[SourceDate "2015.10.08"]
[SourceVersion "1"]
[SourceVersionDate "2015.10.08"]
[SourceQuality "1"]
[WhiteTeam "Roszke"]
[BlackTeam "Csongrad Felegyhaza"]
[WhiteTeamCountry "HUN"]
[BlackTeamCountry "HUN"]

1. d4 d5 2. Nf3 e6 3. Bf4 Nf6 4. Nbd2 b6 5. c3 Be7 6. Ne5 0-0 7. e3 Bd6 8. Bd3 Bb7 9. Qf3 Na6 10. Qh3 Ne4 11. f3 Nf6 12. g4 g6 13. Bg5 Nb8 14. f4 Be7 15. Qh4 Nc6 16. Nxc6 Bxc6 17. Rf1 Re8 18. Nf3 Nd7 19. 0-0-0 f6 20. Bh6 b5 21. Qg3 Bd6 22. h4 Qe7 23. Qh3 Qf7 24. h5 Nf8 25. hxg6 hxg6 26. Nh4 f5 27. gxf5 exf5 28. Rg1 Bd7 29. Bxf8 Bxf8 30. Rxg6+ Kh8 31. Nxf5+ Qh7 32. Qxh7+ Kxh7 33. Ne7 Bh6 34. Rg8+ 1-0

[Event "HUN-chT2 Toth 1314"]
[Site "Hungary"]
[Date "2013.09.30"]
[Round "2.3"]
[White "Vilagos, Nandor"]
[Black "Szekeres, Sebestyen"]
[Result "1-0"]
[WhiteElo "2103"]
[BlackElo "2055"]
[PlyCount "85"]
[EventDate "2013.09.08"]
[EventType "team-tourn"]
[EventRounds "11"]
[EventCountry "HUN"]
[SourceTitle "EXT 2016"]
[Source "ChessBase"]
[SourceDate "2015.10.08"]
[SourceVersion "1"]
[SourceVersionDate "2015.10.08"]
[SourceQuality "1"]
[WhiteTeam "Szentes"]
[BlackTeam "Csongrad Felegyhaza"]
[WhiteTeamCountry "HUN"]
[BlackTeamCountry "HUN"]

1. e4 c5 2. Nc3 Nc6 3. g3 Nf6 4. Bg2 e5 5. d3 d6 6. f4 Nd4 7. Nf3 Bg4 8. h3 Bxf3 9. Bxf3 Be7 10. 0-0 Qb6 11. Kh2 h6 12. Bg2 a6 13. Rb1 Qc7 14. Nd5 Nxd5 15. exd5 Qd7 16. c3 Nb5 17. a4 Nc7 18. b4 exf4 19. Bxf4 cxb4 20. Rxb4 b5 21. axb5 axb5 22. Qh5 Bf6 23. Re4+ Kd8 24. c4 b4 25. h4 Ra2 26. Rb1 Na6 27. Re2 Rxe2 28. Qxe2 g5 29. Be3 gxh4 30. Bb6+ Nc7 31. Bh3 hxg3+ 32. Kg2 Qa4 33. Rf1 Re8 34. Be6 fxe6 35. Rxf6 exd5 36. Rxd6+ Kc8 37. Qf3 Qc2+ 38. Kxg3 Rg8+ 39. Kh3 b3 40. Bxc7 Kxc7 41. Rxd5 Rg5 42. Qf7+ Kc8 43. Qe6+ 1-0

[Event "HUN-chT2 Toth 1213"]
[Site "Hungary"]
[Date "2013.04.07"]
[Round "10.2"]
[White "Szekeres, Sebestyen"]
[Black "Borsos, Andor"]
[Result "0-1"]
[WhiteElo "2073"]
[BlackElo "2141"]
[PlyCount "80"]
[EventDate "2012.09.16"]
[EventType "team-tourn"]
[EventRounds "11"]
[EventCountry "HUN"]
[SourceTitle "EXT 2014"]
[Source "ChessBase"]
[SourceDate "2013.11.20"]
[SourceVersion "1"]
[SourceVersionDate "2013.11.20"]
[SourceQuality "1"]
[WhiteTeam "Felegyhaza Csongrad"]
[BlackTeam "Roszke II"]
[WhiteTeamCountry "HUN"]
[BlackTeamCountry "HUN"]

1. d4 f5 2. c4 Nf6 3. Nc3 g6 4. g3 Bg7 5. Bg2 c6 6. Nf3 0-0 7. 0-0 d6 8. Qc2 Na6 9. a3 Qc7 10. Bf4 Nh5 11. d5 Nxf4 12. gxf4 e5 13. Rad1 e4 14. Ng5 Qe7 15. Qd2 c5 16. e3 h6 17. Nh3 g5 18. Kh1 g4 19. Ng1 Bd7 20. Nge2 h5 21. Rg1 Kh8 22. Bf1 Rf6 23. Rb1 Rh6 24. Nb5 h4 25. h3 Rg6 26. b3 Bf6 27. Bg2 Bxb5 28. cxb5 Nc7 29. a4 b6 30. Qc2 Nxd5 31. hxg4 Nb4 32. Qd2 fxg4 33. Nc3 Bxc3 34. Qxc3+ Kh7 35. Bf1 Rag8 36. Rd1 d5 37. Rd2 Qe6 38. Rd1 g3 39. fxg3 hxg3 40. Kg2 Qh3+ 0-1

[Event "HUN-chT2 Toth 1213"]
[Site "Hungary"]
[Date "2012.12.02"]
[Round "5.3"]
[White "Agoston, Aron"]
[Black "Szekeres, Sebestyen"]
[Result "1-0"]
[WhiteElo "2116"]
[BlackElo "2073"]
[PlyCount "103"]
[EventDate "2012.09.16"]
[EventType "team-tourn"]
[EventRounds "11"]
[EventCountry "HUN"]
[SourceTitle "EXT 2014"]
[Source "ChessBase"]
[SourceDate "2013.11.20"]
[SourceVersion "1"]
[SourceVersionDate "2013.11.20"]
[SourceQuality "1"]
[WhiteTeam "Mako II"]
[BlackTeam "Felegyhaza Csongrad"]
[WhiteTeamCountry "HUN"]
[BlackTeamCountry "HUN"]

1. e4 c5 2. Nc3 Nc6 3. Nge2 Nf6 4. g3 e5 5. Bg2 d6 6. 0-0 Be7 7. d3 0-0 8. h3 Be6 9. f4 Nd4 10. Be3 Rb8 11. f5 Bd7 12. g4 Nxe2+ 13. Qxe2 Ne8 14. Qf3 Bg5 15. Nd5 f6 16. Bf2 Bc6 17. Nc3 b6 18. Kh1 Rb7 19. Rg1 Rd7 20. h4 Bh6 21. Qh3 g5 22. fxg6 hxg6 23. Raf1 Bf4 24. Nd5 Bxd5 25. exd5 Kg7 26. Be3 g5 27. h5 Kh6 28. Be4 Nc7 29. c4 Rg7 30. Bg6 Rh8 31. Bf5 Re8 32. Qf3 b5 33. Bg6 Rh8 34. Qe4 Re7 35. Bf7 Rg8 36. Bxg8 Qxg8 37. Bxf4 gxf4 38. Rxf4 Ne8 39. Rf5 Rg7 40. Qe3+ Kh7 41. g5 fxg5 42. Rfxg5 Rxg5 43. Qxg5 Qxg5 44. Rxg5 bxc4 45. dxc4 Nf6 46. Kg2 Ne4 47. Rg6 a5 48. b3 Nc3 49. Rxd6 Nxa2 50. Kf3 Nc1 51. Rb6 Nd3 52. d6 1-0

[Event "HUN-chT2 Toth 1213"]
[Site "Hungary"]
[Date "2012.11.04"]
[Round "3.4"]
[White "Szekeres, Sebestyen"]
[Black "Uj, Imre Attila"]
[Result "1/2-1/2"]
[WhiteElo "2073"]
[BlackElo "2058"]
[PlyCount "74"]
[EventDate "2012.09.16"]
[EventType "team-tourn"]
[EventRounds "11"]
[EventCountry "HUN"]
[SourceTitle "EXT 2014"]
[Source "ChessBase"]
[SourceDate "2013.11.20"]
[SourceVersion "1"]
[SourceVersionDate "2013.11.20"]
[SourceQuality "1"]
[WhiteTeam "Felegyhaza Csongrad"]
[BlackTeam "Debrecen Sakkbaratok"]
[WhiteTeamCountry "HUN"]
[BlackTeamCountry "HUN"]

1. d4 d5 2. c4 Nc6 3. e3 e5 4. cxd5 Qxd5 5. Nc3 Bb4 6. Bd2 Bxc3 7. Bxc3 exd4 8. exd4 Nge7 9. Qf3 Bf5 10. Qxd5 Nxd5 11. Bc4 0-0-0 12. Bxd5 Rxd5 13. 0-0-0 b5 14. b4 Re8 15. f3 Re3 16. Kb2 Bd3 17. Rd2 a5 18. a3 axb4 19. axb4 Nxd4 20. Nh3 Ne6 21. Rhd1 c6 22. Nf2 Bc4 23. Ne4 Kc7 24. h4 Rxd2+ 25. Rxd2 Re2 26. Be5+ Kb6 27. Rxe2 Bxe2 28. Ng5 Nxg5 29. hxg5 g6 30. Bd6 Kb7 31. Kc3 Kc8 32. Kd4 Kd7 33. Ke5 Bf1 34. g3 Bg2 35. f4 Bf3 36. Bc5 Bd5 37. Kf6 Bc4 1/2-1/2